La expresión artística en los jóvenes. (Record no. 85107)
[ view plain ]
| 000 -CABECERA | |
|---|---|
| campo de control de longitud fija | 01102ngm a2200241 a 4500 |
| 005 - FECHA Y HORA DE LA ÚLTIMA TRANSACCIÓN | |
| campo de control | 20221022063534.0 |
| 008 - ELEMENTOS DE LONGITUD FIJA--INFORMACIÓN GENERAL | |
| campo de control de longitud fija | 010910s1997 mx r 000 0 spa d |
| 035 ## - NÚMERO DE CONTROL DEL SISTEMA | |
| Número de control de sistema | UPN01000111198 |
| 049 ## - COLECCIÓN | |
| Colección | AV |
| 099 ## - CLASIFICACIÓN LOCAL | |
| Clasificación local | PVI LB 0952 |
| 245 03 - MENCIÓN DE TÍTULO | |
| Título | La expresión artística en los jóvenes. |
| 260 ## - PUBLICACIÓN, DISTRIBUCIÓN, ETC. | |
| Lugar de publicación, distribución, etc. | México : |
| Nombre del editor, distribuidor, etc. | ILCE, |
| Fecha de publicación, distribución, etc. | 1997. |
| 300 ## - DESCRIPCIÓN FÍSICA | |
| Extensión | 1 videocassette (VHS) (53 min.) : |
| Otras características físicas | son., col. |
| 440 #0 - MENCIÓN DE SERIE/ASIENTO SECUNDARIO--TÍTULO | |
| Título | Tus hijos en el siglo XXI ; |
| Designación de volumen o secuencia | 8 |
| 501 ## - NOTA DE "CON" | |
| Nota de “Con” | Con: Moda y estética en los adolescentes. |
| 520 ## - NOTA DE RESUMEN, ETC. | |
| Sumario, etc. | Los jóvenes expresan sus ideas y sus sentimientos de diferentes formas, las cuales en muchas ocasiones chocan con la forma de ser y pensar de sus padres. En: Moda y estética en los adolescentes, se puede apreciar el hecho de que los gustos de los hijos no siempre estan acorde a los de los padres, y los conflictos que pueden surgir sin una adecuada aceptación mutua |
| 650 #7 - ASIENTO SECUNDARIO DE MATERIA - TERMINO TEMATICO | |
| Término de materia o nombre geográfico como elemento de entrada | Jóvenes |
| Subdivisión general | Conducta de vida |
| Fuente del encabezamiento o término | |
| 9 (RLIN) | 16721 |
| 650 #0 - ASIENTO SECUNDARIO DE MATERIA - TERMINO TEMATICO | |
| Término de materia o nombre geográfico como elemento de entrada | Relación padres-hijos |
| 9 (RLIN) | 1359 |
| 650 #4 - ASIENTO SECUNDARIO DE MATERIA - TERMINO TEMATICO | |
| Término de materia o nombre geográfico como elemento de entrada | MODA |
| 9 (RLIN) | 27527 |
| 740 0# - ASIENTO SECUNDARIO - TÍTULOS RELACIONADOS /ANALITICOS NO CONTROLADOS | |
| Título relacionado o analítico no controlado | Moda y estética en los adolescentes. |
| 905 ## - TIPO DE MATERIAL | |
| Tipo de material | Audiovisuales |
| Estado de retiro | Estado de pérdida | Fuente del sistema de clasificación o colocación | Estado dañado | No para préstamo | Código de colección | Localización permanente | Ubicación/localización actual | Ubicación en estantería | Enumeración/cronología de publicación seriada | Total de préstamos | Clasificación | Código de barras | Fecha visto por última vez | Número de copia | Tipo de ítem Koha |
|---|---|---|---|---|---|---|---|---|---|---|---|---|---|---|---|
| Library of Congress Classification | Audiovisuales | Bib. Gregorio Torres Quintero | Bib. Gregorio Torres Quintero | Audiovisual | - | PVI LB 0952 | 172311 | 31/12/2020 | 1 | Videocasete |
